[Event "21st Muensterland Open"]
[Site "Senden GER"]
[Date "2003.10.18"]
[Round "3"]
[White "Istratescu,A"]
[Black "Seel,C"]
[Result "1/2-1/2"]
[WhiteElo "2595"]
[BlackElo "2315"]

1.c4 Nf6 2.Nc3 c5 3.Nf3 d5 4.cxd5 Nxd5 5.Qa4+ Nc6 6.Ne5 Qc7 7.Nxc6 Nxc3 8.dxc3 Bd7
9.e4 Qxc6 10.Qc2 g6 11.Bc4 Bg7 12.O-O O-O 13.Rd1 Be6 14.Bd5 Bxd5 15.exd5 Qa6
16.Bg5 Rfe8 17.Re1 Qc4 18.Qb3 Qxb3 19.axb3 Kf8 20.Ra4 b6 21.Kf1 a5 22.Rae4 Ra7
23.R1e2 h6 24.Bf4 Rd8 25.c4 g5 26.Be5 Bxe5 27.Rxe5 a4 28.R2e3 Rd6 29.bxa4 Rxa4
30.b3 Ra7 31.g3 b5 32.Kg2 bxc4 33.bxc4 Rf6 34.Re2 Ra4 35.Rxe7 Rxc4 36.Rc7 Rd6
37.Re5 Kg7 38.Rc6 Rf6 39.Re2 Rd4 40.Rxc5 Rf5  1/2-1/2

[Event "300 Years"]
[Site "St Petersburg RUS"]
[Date "2003.10.18"]
[Round "1"]
[White "Sorokin,M"]
[Black "Maly,Al"]
[Result "1-0"]
[WhiteElo "2560"]
[BlackElo "2373"]

1.Nf3 Nf6 2.c4 c5 3.Nc3 d5 4.cxd5 Nxd5 5.g3 Nc6 6.Bg2 Nc7 7.a3 g6 8.h4 Bg7
9.h5 O-O 10.d3 Nd4 11.hxg6 hxg6 12.Ne4 Nce6 13.Nxd4 Nxd4 14.e3 Ne6 15.Qb3 Rb8
16.Bd2 b6 17.O-O-O Qc7 18.Rh4 Ba6 19.Rdh1 c4 20.dxc4 Bxc4 21.Bc3 Nd4 22.Qd1 Bb3
23.Qxd4 e5 24.Qd6  1-0

[Event "300 Years"]
[Site "St Petersburg RUS"]
[Date "2003.10.21"]
[Round "4"]
[White "Neverov,V"]
[Black "Zaitsev,A2"]
[Result "1/2-1/2"]
[WhiteElo "2550"]
[BlackElo "2368"]

1.Nf3 Nf6 2.c4 c5 3.Nc3 e6 4.g3 b6 5.Bg2 Bb7 6.O-O Be7 7.Re1 d6 8.e4 a6 9.d4 cxd4
10.Nxd4 Qc7 11.Be3 Nbd7 12.Rc1 Rc8 13.f4 Qb8 14.Qe2 Qa8 15.Bf2 O-O 16.f5 exf5
17.Nxf5 Rfe8 18.Nd5 Bf8 19.Qd2 b5 20.Bd4 Re6 21.Qg5 Kh8 22.cxb5 Rxc1 23.Rxc1 h6
24.Qd2 axb5 25.Nc7 Qxa2 26.Nxe6 Qxe6 27.Rc7 Bxe4 28.Bxe4 Qxe4 29.Nxh6 Qe6
30.Qf4 Kh7 31.Nf5 Ne5 32.Ne3 Kg8 33.Qf5 Qb3 34.Rc8 Nd5 35.Nxd5 Qxd5 36.Bxe5 dxe5
37.Re8 Qd4+ 38.Kg2 Qxb2+ 39.Kh3 Qd4 40.Rxe5 b4 41.Rb5 Qd6 42.Rb7 Be7 43.Rd7 Qf6
44.Qxf6 Bxf6 45.Rb7 Bc3 46.Kg4 g6 47.Kf4 Kg7 48.Ke4 Kf8 49.Kd5 Kg7 50.Kc6 g5
51.Kd5 Kg6 52.g4 f6 53.Ke6 Bd2 54.Rb8 Kg7 55.Kf5 Bc3 56.Rb7+ Kg8 57.Ke6 Kf8
58.h3 Kg8 59.Rb8+ Kg7 60.Rc8 Bd2 61.Rc7+ Kg6 62.Ke7 Kg7 63.Ke8+ Kg8  1/2-1/2

[Event "300 Years"]
[Site "St Petersburg RUS"]
[Date "2003.10.21"]
[Round "4"]
[White "Kozlov,Vladimir"]
[Black "Ovsiannikov,M"]
[Result "1-0"]
[WhiteElo "2092"]
[BlackElo "2112"]

1.c4 Nf6 2.Nc3 e6 3.Nf3 c5 4.d4 a6 5.g3 cxd4 6.Nxd4 Qc7 7.Qd3 Nc6 8.Nxc6 dxc6
9.Bg2 e5 10.O-O Be6 11.b3 Rd8 12.Qc2 Bc5 13.a3 Ba7 14.Bg5 h6 15.Bxf6 gxf6
16.Rad1 h5 17.Ne4 Ke7 18.h4 Bf5 19.c5 Rd5 20.b4 Rhd8 21.Qb3 Bxe4 22.Bxe4 Rxd1
23.Rxd1 Rxd1+ 24.Qxd1 b6 25.e3 bxc5 26.Qxh5 cxb4 27.axb4 Qd6 28.Qf5 c5 29.bxc5 Bxc5
30.h5 Qe6 31.Qf3 a5 32.Bf5 e4 33.Qg4 Qe5 34.h6 a4 35.h7 a3 36.h8=Q a2 37.Qd1  1-0

[Event "Classics II IM"]
[Site "Gausdal NOR"]
[Date "2003.10.24"]
[Round "5"]
[White "Ekeberg,C"]
[Black "Lie,Es"]
[Result "1-0"]
[WhiteElo "2243"]
[BlackElo "2266"]

1.Nf3 Nf6 2.c4 e6 3.Nc3 c5 4.g3 d5 5.cxd5 exd5 6.d4 Nc6 7.Bg2 Be7 8.O-O O-O
9.Bg5 Be6 10.dxc5 Bxc5 11.Rc1 Bb6 12.b3 d4 13.Ne4 Re8 14.Ne1 Bf5 15.Bxf6 gxf6
16.Nc5 Qe7 17.Nxb7 Nb4 18.Qd2 Rab8 19.Rc4 Na6 20.Qf4 Bg6 21.Nd6 Red8 22.Nf5 Qxe2
23.Nxd4 Bxd4 24.Rxd4 Kg7 25.Nf3 Rxd4 26.Nxd4 Qb2 27.h4 Rb4 28.Rd1 Qxa2 29.h5 Bxh5
30.Nf5+ Kg6 31.Ne7+ Kg7 32.Nf5+ Kg6 33.Qh6+  1-0

[Event "Classics II GM"]
[Site "Gausdal NOR"]
[Date "2003.10.24"]
[Round "5"]
[White "Quinn,M"]
[Black "Womacka,M"]
[Result "1/2-1/2"]
[WhiteElo "2411"]
[BlackElo "2461"]

1.c4 c5 2.Nc3 Nf6 3.Nf3 e6 4.g3 b6 5.Bg2 Bb7 6.O-O Be7 7.Re1 d5 8.cxd5 Nxd5
9.e4 Nxc3 10.bxc3 O-O 11.d4 Nd7 12.Bb2 Nf6 13.Ne5 Rc8 14.Qe2 cxd4 15.cxd4 Bb4  1/2-1/2

[Event "9th Medunarodni"]
[Site "Tuzla BIH"]
[Date "2003.10.24"]
[Round "10"]
[White "Dumpor,A"]
[Black "Kiss,At"]
[Result "0-1"]
[WhiteElo "2364"]
[BlackElo "2397"]

1.c4 Nf6 2.Nc3 e6 3.Nf3 c5 4.g3 b6 5.Bg2 Bb7 6.O-O a6 7.b3 Be7 8.Bb2 O-O
9.d4 cxd4 10.Nxd4 Bxg2 11.Kxg2 d5 12.cxd5 Nxd5 13.Ne4 Qd7 14.Rc1 Qb7 15.Nf3 Nd7
16.Qd4 N7f6 17.Nxf6+ Bxf6 18.Qd2 Rfd8 19.Rfd1 Nc3 20.Bxc3 Rxd2 21.Rxd2 Bg5
22.e3 Rd8 23.Rdc2 Rc8 24.Be5 Rxc2 25.Rxc2 Bd8 26.Rc4 f6 27.Bd6 b5 28.Rc2 Bb6
29.h3 h5 30.g4 h4 31.Rc1 g5 32.Re1 Qe4 33.Rc1 f5 34.Rc8+ Kf7 35.Rb8 Qc6 36.Be5 Ba7
37.Rh8 fxg4 38.Rh7+ Ke8 39.Rh8+ Kd7 40.Rh7+ Kc8 41.hxg4 Qe4 42.Rf7 Qxg4+
43.Kf1 Bb6 44.Ke2 Bd8 45.Rf8 Kd7 46.Rf7+ Ke8 47.Rh7 Be7 48.Rh8+ Kd7 49.Ra8 Kc6
50.a4 Kd5 51.Rxa6 Ke4 52.Bc3 Qxf3+ 53.Ke1 Kd3 54.Rxe6 Qe2+  0-1

[Event "LXVIII ch-ESP Abierto"]
[Site "Burgos ESP"]
[Date "2003.10.25"]
[Round "2"]
[White "Balado Saez,S"]
[Black "Perez Candelario,Man"]
[Result "0-1"]
[WhiteElo "2264"]
[BlackElo "2463"]

1.c4 Nf6 2.Nc3 c5 3.Nf3 b6 4.e4 d6 5.d4 cxd4 6.Nxd4 Bb7 7.f3 Nbd7 8.Be3 e6
9.Qd2 a6 10.Be2 Be7 11.O-O O-O 12.Rfd1 Qc7 13.Rac1 Rac8 14.a3 Qb8 15.Kh1 Rfe8
16.b4 Bf8 17.Bg1 h5 18.Bf1 h4 19.Bf2 h3 20.Na4 d5 21.cxd5 hxg2+ 22.Bxg2 Rxc1
23.Rxc1 exd5 24.exd5 Nxd5 25.Nc6 Qf4 26.Qxf4 Nxf4 27.Bg3 Nxg2 28.Kxg2 Rc8
29.Nb8 Rxc1 30.Nxd7 Rc2+ 31.Kf1 b5 32.Nac5 Bxc5 33.Nxc5 Bc8 34.a4 bxa4 35.Nxa4 Bd7
36.Nb6 Bc6  0-1

[Event "WYb14"]
[Site "Halkidiki GRE"]
[Date "2003.10.25"]
[Round "3"]
[White "Coleman,T"]
[Black "Perman,E"]
[Result "1/2-1/2"]
[WhiteElo "2275"]
[BlackElo "2102"]

1.c4 c5 2.Nf3 Nf6 3.Nc3 d5 4.cxd5 Nxd5 5.g3 Nc6 6.Bg2 Nc7 7.d3 e5 8.Be3 Be7
9.Rc1 Be6 10.Ne4 b6 11.b4 Nxb4 12.Nxe5 O-O 13.f4 Ncd5 14.Bd2 f6 15.Nf3 Nxa2
16.Ra1 Nab4 17.O-O a5 18.Nf2 Nc7 19.g4 Qd7 20.f5 Bf7 21.Nh3 Rad8 22.Rf2 c4
23.d4 Nb5 24.e3 c3 25.Bc1 c2 26.Qf1 Rc8 27.Nd2 Na2 28.g5 Nxc1 29.Rxc1 fxg5
30.f6 Bxf6 31.Ne4 Bg6 32.Rxf6 Rxf6 33.Nxf6+ gxf6 34.Qxf6 Rf8 35.Qxg5 Rf5
36.Qg3 Nxd4 37.exd4 Qxd4+ 38.Nf2 Qd2 39.Nd3 Qd1+ 40.Qe1 Qxd3 41.Qe6+ Rf7
42.Qe8+ Kg7 43.Qe5+ Kh6 44.Qe1 Qd4+ 45.Kh1 Qf4 46.Kg1 Rd7 47.Kh1 Qxc1 48.Qxc1+ Kg7
49.Qb2+ Kh6 50.Qc1+ Kg7 51.Qb2+ Kh6 52.Qc1+  1/2-1/2

[Event "LXVIII ch-ESP Abierto"]
[Site "Burgos ESP"]
[Date "2003.10.27"]
[Round "4"]
[White "Solana Suarez,E"]
[Black "Lopez Martinez,A"]
[Result "1/2-1/2"]
[WhiteElo "2348"]
[BlackElo "2158"]

1.Nf3 c5 2.c4 Nf6 3.Nc3 e6 4.g3 b6 5.Bg2 Bb7 6.O-O Be7 7.b3 O-O 8.Bb2 d5
9.e3 Nbd7 10.Qe2 Rc8 11.Rfd1 Qc7 12.Rac1 Qb8 13.d3 Rfd8 14.Ne1 Qa8 15.f4 a6
16.e4 d4 17.Nb1 e5 18.f5 g6 19.Nd2 Kh8 20.Bh3 g5 21.Kf2 Rg8 22.Nc2 g4 23.Bg2 Rg5
24.h4 gxh3 25.Bxh3 Rcg8 26.Rh1 Rxg3 27.Rcg1 Rxg1 28.Rxg1 Rxg1 29.Kxg1 Qf8
30.Bg2 Qg7 31.b4 Ng4 32.bxc5 bxc5 33.Nb3 Ndf6 34.Bc1 Nh5 35.Qf3 Bc6 36.Kh1 Bd6
37.Bh3 Nhf6 38.Bxg4 Nxg4 39.Qg3 Be7 40.Kg1 h5 41.Ne1 Ba4 42.Nf3 Kg8 43.Kg2 h4
44.Qh3 Ne3+ 45.Kh2 Qh6 46.Kh1 Qf4 47.Bd2 Qg4 48.Qxg4+ Nxg4 49.Kg2 Kg7 50.Ng1 Kh7
51.Kf3 Nh2+ 52.Kg2 Ng4 53.Kf3 Nh2+ 54.Kg2 Ng4 55.Kf3  1/2-1/2

[Event "WYb14"]
[Site "Halkidiki GRE"]
[Date "2003.10.27"]
[Round "5"]
[White "Dourerassou,J"]
[Black "Perman,E"]
[Result "1-0"]
[WhiteElo "2250"]
[BlackElo "2102"]

1.Nf3 c5 2.c4 Nf6 3.Nc3 d5 4.cxd5 Nxd5 5.d4 Nxc3 6.bxc3 e6 7.e4 cxd4 8.cxd4 Bb4+
9.Bd2 Bxd2+ 10.Qxd2 O-O 11.Bc4 Nc6 12.O-O Na5 13.Bd3 b6 14.Rad1 Bb7 15.Rfe1 Rc8
16.d5 exd5 17.e5 d4 18.Nxd4 g6 19.Qh6 Qe7 20.Nf5 gxf5 21.Bxf5 f6 22.exf6 Rxf6
23.Rxe7  1-0

[Event "Classics II GM"]
[Site "Gausdal NOR"]
[Date "2003.10.29"]
[Round "11"]
[White "Quinn,M"]
[Black "Hutters,T"]
[Result "1/2-1/2"]
[WhiteElo "2411"]
[BlackElo "2418"]

1.Nf3 Nf6 2.c4 c5 3.Nc3 e6 4.g3 b6 5.Bg2 Bb7 6.O-O d6 7.d4 cxd4 8.Qxd4 a6
9.Rd1 Nbd7 10.Bg5 Be7 11.Rac1 O-O 12.b3  1/2-1/2

[Event "Classics II IM"]
[Site "Gausdal NOR"]
[Date "2003.10.29"]
[Round "11"]
[White "Ekeberg,C"]
[Black "Olsson,L"]
[Result "1/2-1/2"]
[WhiteElo "2243"]
[BlackElo "2269"]

1.Nf3 Nf6 2.c4 c5 3.Nc3 d5 4.cxd5 Nxd5 5.d4 Nxc3 6.bxc3 g6 7.Bg5 Bg7 8.Qd2 Qa5
9.Rc1 h6 10.Bh4 Bf5 11.e3 Nd7 12.Be2 g5 13.Bg3 O-O 14.O-O Rfd8 15.Qb2 Qb6
16.Qa3 a6 17.Nd2 Bg6 18.Nc4 Qa7 19.Na5 e5  1/2-1/2

[Event "WYb16"]
[Site "Halkidiki GRE"]
[Date "2003.10.29"]
[Round "7"]
[White "Tomashevsky,E"]
[Black "Bellaiche,A"]
[Result "1/2-1/2"]
[WhiteElo "2444"]
[BlackElo "2454"]

1.Nf3 Nf6 2.c4 e6 3.Nc3 c5 4.g3 b6 5.Bg2 Bb7 6.O-O Be7 7.Re1 d6 8.e4 a6 9.d4 cxd4
10.Nxd4 Qc7 11.Be3 O-O 12.Rc1 Nbd7 13.f4 Rfe8 14.Bf2 Bf8 15.Qe2 g6 16.e5 Bxg2
17.Kxg2 dxe5 18.fxe5 Nh5 19.Nf3 Rac8 20.b3 Red8 21.Na4 Ba3 22.Rc2 b5 23.Nb2 Qb7
24.Qe4 Qxe4 25.Rxe4 Ng7 26.Nd3 Nb8 27.Nd4 Be7 28.g4 f5 29.exf6 Bxf6 30.Ne5 Bxe5
31.Rxe5 Nd7 32.Re1 e5 33.Nf3 bxc4 34.Rxc4 Rxc4 35.bxc4 Rc8 36.Rd1 e4 37.Rxd7 exf3+
38.Kxf3 Rxc4 39.Rd8+ Kf7 40.Rd7+ Kg8 41.Rd8+  1/2-1/2

[Event "3rd Rohde Open"]
[Site "Sautron FRA"]
[Date "2003.10.29"]
[Round "5"]
[White "Kengis,E"]
[Black "Sasu Ducsoara,An"]
[Result "1-0"]
[WhiteElo "2572"]
[BlackElo "2182"]

1.Nf3 Nf6 2.c4 c5 3.Nc3 g6 4.d4 cxd4 5.Nxd4 d6 6.g3 Qc7 7.b3 Bg7 8.Bg2 O-O
9.Bb2 Nc6 10.O-O Nxd4 11.Qxd4 Bd7 12.e4 Bc6 13.Qd3 Nd7 14.Rfe1 Rac8 15.Nd5 Nc5
16.Qe3 Bxd5 17.Bxg7 Kxg7 18.exd5 Rfe8 19.h4 a5 20.h5 Nd7 21.h6+ Kg8 22.Bh3 Rcd8
23.Bxd7 Rxd7 24.Qc3 f6 25.Re6 b5 26.Rae1 Kf7 27.Qe3 Rc8 28.cxb5 Qa7 29.b6 Qb7
30.a4 Kf8 31.b4 axb4 32.a5 Rb8 33.Qe4 b3 34.a6 Qxb6 35.Rxe7 Qd8 36.a7 Ra8
37.Re8+ Qxe8 38.Qxe8+ Rxe8 39.Rxe8+ Kxe8 40.a8=Q+ Rd8 41.Qb7  1-0

[Event "WYb18"]
[Site "Halkidiki GRE"]
[Date "2003.10.31"]
[Round "9"]
[White "Pakleza,Z"]
[Black "Barnaure,V"]
[Result "1-0"]
[WhiteElo "2345"]
[BlackElo "2379"]

1.Nf3 Nf6 2.c4 c5 3.Nc3 b6 4.g3 Bb7 5.Bg2 e6 6.O-O Be7 7.d4 cxd4 8.Qxd4 d6
9.b3 a6 10.Ba3 Nc6 11.Qf4 Qb8 12.Rfd1 d5 13.Qxb8+ Rxb8 14.Bxe7 Nxe7 15.Ne5 dxc4
16.Bxb7 Rxb7 17.Nxc4 Nc8 18.Rac1 Ke7 19.Ne5 Na7 20.Na4 Rd8 21.Kf1 Rd5 22.Rxd5 Nxd5
23.e4 Nf6 24.f3 Nd7 25.Nxd7 Kxd7 26.Ke2 f6 27.Ke3 Nc8 28.Nb2 Nd6 29.Nd3 Rc7
30.Rxc7+ Kxc7 31.e5 Nf7 32.Kd4 Kd7 33.h4 Nd8 34.g4 Nc6+ 35.Ke4 Ne7 36.exf6 gxf6
37.g5 Nd5 38.gxf6 Nxf6+ 39.Kf4 Ke7 40.Kg5 Ng8 41.Ne5 Kd6 42.Nf7+ Ke7 43.Nh6 Nf6
44.Ng4 Ng8 45.Nh6 Nf6 46.a3 a5 47.Ng4 Ng8 48.h5 b5 49.a4 bxa4 50.bxa4 Kf8
51.Nf6 Ne7 52.h6 Kf7 53.Nxh7 Nd5 54.Kh5 Nf4+ 55.Kg4 Nd3 56.Kg5 Nc5 57.Kh5 Kg8
58.Ng5  1-0

[Event "3rd Rohde Open"]
[Site "Sautron FRA"]
[Date "2003.10.31"]
[Round "7"]
[White "Andonov,B"]
[Black "Koziak,V"]
[Result "1/2-1/2"]
[WhiteElo "2310"]
[BlackElo "2460"]

1.Nf3 c5 2.c4 Nf6 3.Nc3 e6 4.e4 Nc6 5.Be2 d5 6.exd5 exd5 7.d4 Be7 8.O-O O-O
9.dxc5 dxc4 10.Bxc4 Bxc5 11.Bg5 Be7 12.h3 Na5  1/2-1/2

[Event "WYb18"]
[Site "Halkidiki GRE"]
[Date "2003.11.01"]
[Round "10"]
[White "Nyback,T"]
[Black "Lafuente,P"]
[Result "1-0"]
[WhiteElo "2497"]
[BlackElo "2424"]

1.Nf3 Nf6 2.c4 c5 3.Nc3 b6 4.e4 d6 5.d4 cxd4 6.Nxd4 Bb7 7.Qe2 e6 8.g4 Be7
9.g5 Nfd7 10.f4 Nc6 11.Nxc6 Bxc6 12.h4 a6 13.Bg2 b5 14.cxb5 axb5 15.Nxb5 Nc5
16.Nd4 Bb7 17.b4 Na4 18.O-O O-O 19.Be3 d5 20.f5 e5 21.f6 exd4 22.Bxd4 Bxb4
23.fxg7 Re8 24.Qh5 Qe7 25.Rf6 Bc3 26.Qxh7+  1-0

[Event "Curacao Open"]
[Site "Willemstad AHO"]
[Date "2003.11.01"]
[Round "7"]
[White "Greenfeld,A"]
[Black "Szmetan,J"]
[Result "1-0"]
[WhiteElo "2527"]
[BlackElo "2404"]

1.Nf3 Nf6 2.c4 c5 3.Nc3 b6 4.g3 Bb7 5.Bg2 g6 6.O-O Bg7 7.d4 cxd4 8.Qxd4 d6
9.Rd1 Nbd7 10.Be3 Rc8 11.Rac1 O-O 12.Qh4 a6 13.b3 Rc7 14.Bh3 Qb8 15.Bd4 b5
16.Nd5 Bxd5 17.cxd5 Rfc8 18.Rc6 Qb7 19.Ng5 Rxc6 20.dxc6 Qxc6 21.Bxf6 Nxf6
22.Bxc8 Qxc8 23.Qf4 Qc2 24.Rd2 Qc1+ 25.Kg2 h6 26.Nf3 g5 27.Qe3 Qc6 28.Qxe7 g4
29.Rxd6 gxf3+ 30.exf3 Qc3 31.Rxa6 Qd2 32.Ra8+ Kh7 33.Qxf7 b4 34.Ra7 Qg5 35.f4  1-0

[Event "WYb16"]
[Site "Halkidiki GRE"]
[Date "2003.11.02"]
[Round "11"]
[White "Bellaiche,A"]
[Black "Lysyj,I"]
[Result "1-0"]
[WhiteElo "2454"]
[BlackElo "2470"]

1.Nf3 Nf6 2.c4 e6 3.Nc3 c5 4.d4 cxd4 5.Nxd4 b6 6.e4 Bb4 7.Bd3 Nc6 8.Ne2 O-O
9.O-O Ng4 10.h3 Nge5 11.f4 Bc5+ 12.Kh1 Nxd3 13.Qxd3 f5 14.exf5 Rxf5 15.Ng3 Rf8
16.Bd2 Bb7 17.Nce4 Be7 18.Rad1 d5 19.cxd5 Qxd5 20.Qe2 Qxa2 21.Bc3 e5 22.fxe5 Ba6
23.Rxf8+ Rxf8 24.Qg4 Qf7 25.Nf6+ Kh8 26.Nd7 Rg8 27.e6 Qg6 28.Nf5 Qxg4 29.hxg4 Bg5
30.Rd6 Bb5 31.Nxg7 Rxg7 32.Rd5 h6 33.Rxb5 Kg8 34.Bxg7 Kxg7 35.Rf5 Nd4 36.Rf7+ Kg8
37.Nf6+ Bxf6 38.Rxf6 Kg7 39.e7  1-0

[Event "1st Chesspangenberg Open"]
[Site "Buenos Aires ARG"]
[Date "2003.11.07"]
[Round "4"]
[White "Labollita,M"]
[Black "Real de Azua,E"]
[Result "1/2-1/2"]
[WhiteElo "2446"]
[BlackElo "2320"]

1.Nf3 Nf6 2.c4 c5 3.Nc3 e6 4.g3 b6 5.Bg2 Bb7 6.O-O a6 7.Re1 Be7 8.e4 d6 9.d4 cxd4
10.Nxd4 Qc7 11.Be3 O-O 12.Rc1 Re8 13.f4 Bf8 14.g4 Nfd7 15.g5 Nc6 16.Ncb5 Qb8
17.Nxc6 Bxc6 18.Nd4 Bb7 19.f5 exf5 20.Nxf5 Bxe4 21.Qg4 Bxg2 22.Qxg2 Ne5 23.Bd4 Ra7
24.Re4 Re6 25.Ne3 Rae7 26.Nd5 Nf3+ 27.Qxf3 Rxe4 28.Nxe7+ Rxe7 29.a4 Qe8  1/2-1/2

[Event "ch-UKR"]
[Site "Simferopol UKR"]
[Date "2003.11.08"]
[Round "5"]
[White "Krivoshey,S"]
[Black "Zubov,A UKR"]
[Result "1/2-1/2"]
[WhiteElo "2495"]
[BlackElo "2521"]

1.c4 c5 2.Nc3 Nf6 3.Nf3 d5 4.cxd5 Nxd5 5.g3 Nc6 6.Bg2 e6 7.O-O Nf6 8.b3 Be7
9.Bb2 O-O 10.Na4 Rb8 11.d4 cxd4 12.Nxd4 Nxd4 13.Qxd4 b6 14.Qxd8 Rxd8 15.Be5 Bd6
16.Rfd1 Ne8 17.Bxd6 Nxd6 18.Rd2 Kf8 19.Nb2 Ba6 20.Rad1 Ke7 21.Nd3 Rbc8 22.f4 Bxd3
23.Rxd3 Rc2 24.R3d2 Rxd2 25.Rxd2 Rc8  1/2-1/2

[Event "ch-Europe Internet Blitz"]
[Site "playchess.com INT"]
[Date "2003.11.09"]
[Round "2.2"]
[White "Grebionkin,Vl"]
[Black "Sutovsky,E"]
[Result "0-1"]
[WhiteElo "2462"]
[BlackElo "2646"]

1.Nf3 Nf6 2.c4 c5 3.Nc3 d5 4.cxd5 Nxd5 5.d4 Nxc3 6.bxc3 g6 7.e3 Bg7 8.Bd3 Nd7
9.O-O O-O 10.a4 e5 11.Ba3 Re8 12.Bb5 cxd4 13.cxd4 exd4 14.Nxd4 a6 15.Bc4 Ne5
16.Bb3 Bg4 17.Qb1 Rc8 18.h3 Bd7 19.Rd1 Qh4 20.Bd6 Qf6 21.Bxe5 Rxe5 22.Ra2 Rg5
23.f4 Rg3 24.Ne2 Bf5 25.e4 Qb6+ 26.Kh2 Rxb3  0-1

[Event "7th BayEM"]
[Site "Bad Wiessee GER"]
[Date "2003.11.10"]
[Round "3"]
[White "Bergen,P"]
[Black "Golod,V"]
[Result "0-1"]
[WhiteElo "2238"]
[BlackElo "2544"]

1.Nf3 Nf6 2.c4 c5 3.Nc3 d5 4.cxd5 Nxd5 5.g3 Nc6 6.Bg2 Nc7 7.O-O e5 8.d3 Be7
9.Nd2 Be6 10.Nc4 Nd5 11.Ne3 Nb6 12.f4 exf4 13.gxf4 f5 14.Kh1 O-O 15.Bd2 Qd7
16.Rc1 Rfd8 17.b3 Kh8 18.Qe1 Rac8 19.Rd1 Bf6 20.Qg3 Nd4 21.Nc4 Nd5 22.Qf2 Qe7
23.e4 Nxc3 24.Bxc3 b5 25.Ne5 fxe4 26.Bxe4 Bd5 27.Bxd5 Rxd5 28.Rde1 Bxe5 29.Rxe5 Rxe5
30.fxe5 Ne6 31.Qg2 Qd7 32.Rf3 Kg8 33.Kg1 a5 34.Qg4 Rc6 35.a4 b4 36.Bb2 Qd5
37.Qh5 g6  0-1

[Event "7th BayEM"]
[Site "Bad Wiessee GER"]
[Date "2003.11.13"]
[Round "6"]
[White "Golod,V"]
[Black "Schmaltz,R"]
[Result "0-1"]
[WhiteElo "2544"]
[BlackElo "2519"]

1.c4 Nf6 2.Nc3 c5 3.Nf3 b6 4.g3 Bb7 5.Bg2 g6 6.O-O Bg7 7.Re1 d6 8.e4 Nbd7
9.d4 cxd4 10.Nxd4 Rb8 11.b3 O-O 12.Bb2 a6 13.Qd2 Re8 14.Rad1 Ba8 15.h3 e6
16.Nc2 Bf8 17.Ba3 Nc5 18.b4 Ncd7 19.b5 Qc8 20.bxa6 Ne5 21.a7 Rb7 22.Ne3 Rxa7
23.Nb5 Rxa3 24.Nxa3 Nxe4 25.Qb2 Ng5 26.Re2 Bxg2 27.Nxg2 Nef3+ 28.Kh1 e5 29.g4 Nxh3
30.Re4 d5 31.cxd5 Bxa3 32.Qe2 Nfg5 33.Re3 Bc5 34.d6 Qd7  0-1

[Event "ch-IND A Women"]
[Site "Calicut IND"]
[Date "2003.11.14"]
[Round "9"]
[White "Harika,D"]
[Black "Vijayalakshmi,S"]
[Result "0-1"]
[WhiteElo "2353"]
[BlackElo "2426"]

1.Nf3 Nf6 2.c4 c5 3.Nc3 d5 4.cxd5 Nxd5 5.d4 e6 6.e4 Nxc3 7.bxc3 cxd4 8.cxd4 Nc6
9.Be2 Be7 10.O-O O-O 11.Bb2 b6 12.Qa4 Bb7 13.Ba6 Qc8 14.Bxb7 Qxb7 15.Rfd1 b5
16.Qc2 Nb4 17.Qe2 Rac8 18.Ne1 Rfd8 19.a3 Nc6 20.Rd3 Na5 21.Rad1 Nc4 22.d5 exd5
23.Rxd5 Re8 24.Rd7 Rc7 25.R7d3 Bf8 26.f3 Qa6 27.Kh1 b4 28.axb4 Qa2 29.Rc1 Bxb4
30.Rc2 Bxe1 31.Bc3 Qb1 32.Bxe1 Ne5 33.Rdc3 Rxc3 34.Rxc3 Rd8 35.Kg1 h6 36.Kf2 Nd3+
37.Rxd3 Qxd3 38.Qxd3 Rxd3 39.Ke2 Ra3 40.f4 a5 41.e5 a4 42.f5 Ra2+ 43.Kf3 a3
44.e6 fxe6 45.fxe6 Rc2  0-1

[Event "7th BayEM"]
[Site "Bad Wiessee GER"]
[Date "2003.11.15"]
[Round "8"]
[White "Fridman,D2"]
[Black "Breder,D"]
[Result "1/2-1/2"]
[WhiteElo "2592"]
[BlackElo "2458"]

1.Nf3 c5 2.c4 Nf6 3.Nc3 b6 4.e4 d6 5.d4 cxd4 6.Nxd4 e6 7.g3 Bb7 8.Bg2 Be7
9.O-O Qd7 10.Be3 Nc6 11.f4 Nxd4 12.Bxd4 Rd8 13.Qe2 O-O 14.a4 Rfe8 15.Rfd1 Qc8
16.Bf2 Qb8 17.Rd2 Nd7 18.Rad1 Nc5 19.b4 Na6 20.a5 Nxb4 21.axb6 axb6 22.Bxb6 Rc8
23.Bd4 Ba6 24.Nb5 d5 25.exd5 exd5 26.Qg4 Bf8 27.Ba7 Qb7 28.Bd4 Qb8 29.Ba7 Bc5+
30.Bxc5 Rxc5 31.Qd7 Bxb5 32.cxb5 Qxb5  1/2-1/2

[Event "7th BayEM"]
[Site "Bad Wiessee GER"]
[Date "2003.11.16"]
[Round "9"]
[White "Schuette,Man"]
[Black "Salvermoser,B"]
[Result "1-0"]
[WhiteElo "2291"]
[BlackElo "2326"]

1.c4 c5 2.Nf3 Nf6 3.Nc3 e6 4.d4 cxd4 5.Nxd4 Bb4 6.Nb5 d5 7.Bf4 O-O 8.e3 Nc6
9.a3 Ba5 10.Bg5 a6 11.Nd4 Bxc3+ 12.bxc3 Qa5 13.Qc2 Ne4 14.Nxc6 bxc6 15.Be7 Re8
16.Bb4 Qd8 17.a4 a5 18.Ba3 Ba6 19.Bd3 Nf6 20.O-O dxc4 21.Be4 Qc7 22.Rfb1 h6
23.Rb2 Nxe4 24.Qxe4 Red8 25.Bc5 Rd5 26.Bb6 Qd7 27.Qf3 Rb8 28.Qe2 Rb7 29.Rab1 Rd3
30.h3 Rxc3 31.Bd4 Rxb2 32.Rxb2 Rc1+ 33.Kh2 Qd6+ 34.f4 c3 35.Qg4 g6 36.Rb6 c2
37.Rxa6 Rh1+ 38.Kxh1 c1=Q+ 39.Kh2 Qd8 40.Be5 Qc4 41.Qh4 f6 42.Bxf6 Qf8 43.Ra8 Qxa8
44.Qxh6  1-0

[Event "13th WSen Women"]
[Site "Bad Zwischenahn GER"]
[Date "2003.11.17"]
[Round "1"]
[White "Lein,M"]
[Black "Litinskaya,M"]
[Result "0-1"]
[WhiteElo "2052"]
[BlackElo "2348"]

1.c4 Nf6 2.Nc3 c5 3.Nf3 b6 4.e3 g6 5.Be2 Bg7 6.O-O O-O 7.d4 cxd4 8.Nxd4 Bb7
9.Bf3 Qc8 10.Bxb7 Qxb7 11.Bd2 Na6 12.Qe2 Nc5 13.Rac1 d6 14.b4 Ncd7 15.Nf3 Rfc8
16.e4 Qa6 17.b5 Qb7 18.Nd5 Nc5 19.Nxf6+ exf6 20.Bb4 Qxe4 21.Qxe4 Nxe4 22.Nd4 a5
23.bxa6 Rxa6 24.a3 Bh6 25.Rc2 f5 26.Rd1 Ra7 27.Nb5 Rd7 28.f3 Nc5 29.Rxd6 Rxd6
30.Nxd6 Rd8 31.Bxc5 bxc5 32.Nb5 Rd1+ 33.Kf2 Ra1 34.Ke2 Bc1 35.Rc3 f4 36.Rd3 Ra2+
37.Kd1 Be3 38.Rd8+ Kg7 39.Ra8 Rd2+ 40.Ke1 Rxg2 41.h4 h5 42.a4 Ra2 43.Nd6 f5
44.Ra7+ Kf6 45.Ne8+ Ke5 46.Ra6 Kd4 47.Nd6 Kd3  0-1

[Event "13th WSen"]
[Site "Bad Zwischenahn GER"]
[Date "2003.11.19"]
[Round "3"]
[White "Baumgartner,H"]
[Black "Fahnenschmidt,G"]
[Result "0-1"]
[WhiteElo "2347"]
[BlackElo "2191"]

1.Nf3 c5 2.c4 Nf6 3.Nc3 d5 4.cxd5 Nxd5 5.e4 Nb4 6.Bc4 Be6 7.Bxe6 Nd3+ 8.Kf1 fxe6
9.g3 Nc6 10.Kg2 g6 11.Ne1 Bg7 12.Qb3 O-O 13.Nxd3 Qxd3 14.Qxe6+ Kh8 15.Qg4 Bxc3
16.dxc3 Ne5 17.Qd1 Qxe4+ 18.Kg1 Rad8  0-1

[Event "TCh-SLO"]
[Site "Celje SLO"]
[Date "2003.11.19"]
[Round "4"]
[White "Cvitan,O"]
[Black "Cebalo,M"]
[Result "1/2-1/2"]
[WhiteElo "2516"]
[BlackElo "2486"]

1.Nf3 Nf6 2.c4 c5 3.Nc3 g6 4.e4 d6 5.d4 cxd4 6.Nxd4 Bg7 7.Be2 O-O 8.O-O Nc6
9.Be3 Bd7 10.Qd2 Nxd4 11.Bxd4 Bc6 12.f3 a5 13.b3 Nd7 14.Be3 Nc5  1/2-1/2

[Event "IM"]
[Site "Varazdin CRO"]
[Date "2003.11.21"]
[Round "1"]
[White "Ivanov,J"]
[Black "Makaj,M"]
[Result "1-0"]
[WhiteElo "2426"]
[BlackElo "2172"]

1.Nf3 Nf6 2.c4 c5 3.Nc3 b6 4.e4 d6 5.d4 cxd4 6.Nxd4 Bb7 7.f3 e6 8.Be2 Be7
9.O-O O-O 10.Be3 a6 11.Qd2 Nbd7 12.a4 Qc7 13.a5 bxa5 14.Nb3 a4 15.Rxa4 Nc5
16.Ra3 Nxb3 17.Rxb3 Nd7 18.Na4 Nc5 19.Nxc5 dxc5 20.Ra1 Rfd8 21.Qa5 Rac8 22.Qb6 Qxb6
23.Rxb6 Rd7 24.Rd1 Rcd8 25.Rxd7 Rxd7 26.e5 Kf8 27.Kf2 Ke8 28.f4 Kd8 29.Bf3 Kc8
30.g4 Bxf3 31.Kxf3 Rb7 32.Rxa6 Rxb2 33.Ra8+ Kd7 34.h4 Rc2 35.Ra7+ Ke8 36.Ra8+ Kd7
37.Ra7+ Ke8 38.Ra4 f6 39.exf6 gxf6 40.g5 f5 41.h5 Rh2 42.Ra8+ Kf7 43.Ra7 Kf8
44.h6 Rc2 45.Ra8+ Kf7 46.Rh8 Kg6 47.Rg8+ Kh5 48.Rg7 Bf8 49.Rf7 Bd6 50.Rxh7 e5
51.Rd7 Kh4 52.Bf2+  1-0

[Event "Gufeld Memorial"]
[Site "Burbank USA"]
[Date "2003.11.23"]
[Round "3"]
[White "Kraai,J"]
[Black "Ortiz,E PHI"]
[Result "1-0"]
[WhiteElo "2443"]
[BlackElo "2310"]

1.Nf3 Nf6 2.c4 c5 3.Nc3 g6 4.e4 Bg7 5.d4 O-O 6.Be2 d6 7.O-O Qb6 8.d5 Na6
9.Rb1 Bg4 10.Be3 Qa5 11.a3 Nd7 12.Nb5 Qd8 13.b4 b6 14.Qd2 Nc7 15.Nc3 f5 16.exf5 Rxf5
17.Ne4 Qf8 18.Nfg5 Bxe2 19.Qxe2 h6 20.Nf3 g5 21.Ng3 Rxf3 22.Qxf3 Qxf3 23.gxf3 Rf8
24.Ne4 Ne5 25.Nd2 e6 26.dxe6 Nxe6 27.Rbd1 Nd4 28.Bxd4 cxd4 29.Kg2 Nd3 30.Nb3 Nb2
31.Nxd4 Nxd1 32.Rxd1 Bxd4 33.Rxd4 Rf6 34.Kg3 Kf7 35.f4 Ke6 36.fxg5 hxg5 37.f3 Kf5
38.f4 Kg6 39.fxg5 Kxg5 40.Rg4+ Kh5 41.Rh4+ Kg5 42.Rg4+ Kh5 43.Rg7 a5 44.Rb7 axb4
45.axb4 d5 46.cxd5 Kg5 47.Re7 Rf1 48.Re5+ Kf6 49.Re6+ Kf5 50.Rxb6 Rd1 51.Rh6 Rd3+
52.Kf2 Kg5 53.Rc6 Kf4 54.Rf6+ Ke5 55.Rf3 Rxd5 56.Rb3 Rb5 57.Kg3 Kf5 58.Kf3 Ke6
59.Kg4 Kf6 60.Kf4 Ke6 61.Rb1 Kf6 62.Rb2 Ke6 63.Ke4 Kd6 64.Kd4 Kc6 65.Kc4 Rh5
66.b5+ Kb6 67.Kd4 Rh8 68.Ke4 Re8+ 69.Kf3 Rf8+ 70.Kg2 Rg8+ 71.Kh1 Rh8 72.Rb3 Rd8
73.h3 Rd2 74.Kg1 Rc2 75.Rb4 Rd2 76.h4 Re2 77.h5 Re5 78.Rh4 Kxb5 79.h6 Re8
80.h7 Rh8 81.Rh6 Kc5 82.Kf2 Kd5 83.Kf3  1-0